LIBRARY & INFORMATION CENTRE, KCAET, TAVANUR

ONLINE PUBLIC ACCESS CATALOGUE (OPAC)

Effect of edible wax coating and modified atmospheric packaging on shelf life of slicing cucumber (Cucumis sativus) (Record no. 14991)

MARC details
000 -LEADER
fixed length control field 00829nam a22001817a 4500
003 - CONTROL NUMBER IDENTIFIER
control field OSt
088 ## - REPORT NUMBER
Report number P 265
100 ## - MAIN ENTRY--AUTHOR NAME
Personal name CHINCHU MOHAN
-- HIMA JOHN
245 ## - TITLE STATEMENT
Title Effect of edible wax coating and modified atmospheric packaging on shelf life of slicing cucumber (Cucumis sativus)
260 ## - PUBLICATION, DISTRIBUTION, ETC. (IMPRINT)
Place of publication Tavanur 2013
Name of publisher Department of Post-Harvest Technology and Agricultural Processing
300 ## - PHYSICAL DESCRIPTION
Number of Pages 88
500 ## - GENERAL NOTE
General note Effect of edible wax coating and modified atmospheric packaging on shelf life of slicing cucumber (Cucumis sativus)
520 ## - SUMMARY, ETC.
Summary, etc Effect of edible wax coating and modified atmospheric packaging on shelf life of slicing cucumber (Cucumis sativus)
700 ## - ADDED ENTRY--PERSONAL NAME
Personal name Dr. Sudheer K.P (Guide)
856 ## - ELECTRONIC LOCATION AND ACCESS
Uniform Resource Identifier https://drive.google.com/open?id=1_95XE1JpkiCqeGfL4ggG_MUZwjBbh0Jm
942 ## - ADDED ENTRY ELEMENTS (KOHA)
Koha item type Project Report
Holdings
Collection code Home library Current library Shelving location Full call number Accession Number Koha item type
Reference KAUAET KAUAET Reference 631.56 CHI/EF P 265 Project Report
free website counter